00883cam a2200253 a 450000100100000000500170001000800410002702000150006804000250008308200170010810000370012524500780016226000320024030000280027249000290030065000280032965000310035770000340038883000370042291000280045991000070048795201200049499900150061400000554420200929151716.0760105s1989 sp a 001 0 spa  a843760852X aDO-SdBNPbspacBNPHU a863.6bC431e1 aChacel, Rosa,d1898-1994.91566710aEstación :bida y vuelta /cRosa Chacel ; edición de Shirley Mangini. aMadrid :bCátedra,c1989. a169 p. :bil. ;c18 cm.1 aLetras hispánicasv307 4aNovela española91123 4aLiteratura española96321 aMangini, Shirley,eed.915668 0aLetras hispánicas ;v30794208 aCatalogación derivada aWM 001052708MOaGRbGRcHDd2009-08-19iLF1l0o863.6 C431ep5544-10r2020-06-25w2020-06-25y2ZPréstamo interno c5343d5343